Mark Rothko : (Record no. 26627)

000 -LEADER
fixed length control field 01239pam a2200301 a 4500
001 - CONTROL NUMBER
control field 4033956
005 - DATE AND TIME OF LATEST TRANSACTION
control field 20170206084010.0
008 - FIXED-LENGTH DATA ELEMENTS--GENERAL INFORMATION
fixed length control field 980529s1998 ctua bc 001 0 eng
010 ## - LIBRARY OF CONGRESS CONTROL NUMBER
LC control number 98025970
020 ## - INTERNATIONAL STANDARD BOOK NUMBER
International Standard Book Number 0300074891 (cloth)
040 ## - CATALOGING SOURCE
Original cataloging agency DLC
Transcribing agency DLC
Modifying agency DLC
050 00 - LIBRARY OF CONGRESS CALL NUMBER
Classification number ND237
Item number .R725A4 1998
100 1# - MAIN ENTRY--PERSONAL NAME
Personal name Rothko, Mark,
Dates associated with a name 1903-1970.
245 10 - TITLE STATEMENT
Title Mark Rothko :
Remainder of title the works on canvas : catalogue raisonné /
Statement of responsibility, etc. David Anfam.
246 30 - VARYING FORM OF TITLE
Title proper/short title Works on canvas
260 ## - PUBLICATION, DISTRIBUTION, ETC. (IMPRINT)
Place of publication, distribution, etc. New Haven :
Name of publisher, distributor, etc. Yale University Press ;
Place of publication, distribution, etc. Washington, D.C. :
Name of publisher, distributor, etc. National Gallery of Art,
Date of publication, distribution, etc. c1998.
300 ## - PHYSICAL DESCRIPTION
Extent 708 p. :
Other physical details ill. (chiefly col.) ;
Dimensions 31 cm.
504 ## - BIBLIOGRAPHY, ETC. NOTE
Bibliography, etc Includes bibliographical references (p. 681-696) and index.
600 10 - SUBJECT ADDED ENTRY--PERSONAL NAME
Personal name Rothko, Mark,
Dates associated with a name 1903-1970
General subdivision Catalogues raisonnés.
700 1# - ADDED ENTRY--PERSONAL NAME
Personal name Anfam, David.
942 ## - ADDED ENTRY ELEMENTS (KOHA)
Source of classification or shelving scheme
Koha item type Hard Covered Materials
Classification part ND237 .R725A4 1998
Holdings
Withdrawn status Lost status Source of classification or shelving scheme Damaged status Not for loan Home library Current library Shelving location Date acquired Source of acquisition Total Checkouts Full call number Barcode Date last seen Price effective from Koha item type
          MACHAKOS UNIVERSITY LIBRARY MACHAKOS UNIVERSITY LIBRARY Open shelf 06/02/2017 Donation(BFA)   ND237 .R725A4 1998 34166 06/02/2017 06/02/2017 Hard Covered Materials
© Machakos University Library, Along The Highway, Machakos Wote Rd, Machakos, Kenya P.O. Box 136 - 90100 Machakos - Kenya

Tel: ( +254 ) 723 805829 OR Fax : 044-20353 OR Email: library@mksu.ac.ke